| 000 | 00861nam a2200265 a 4500 | ||
|---|---|---|---|
| 001 | 000024888 | ||
| 005 | 20200930023429.0 | ||
| 008 | 100712s1997 mx ab 000 | spa d | ||
| 020 | _a9686849173 | ||
| 020 | _a9789686849172 | ||
| 040 |
_aDO-SdBNP _bspa _cBNPHU |
||
| 082 |
_a539.7 _bG216b |
||
| 100 | 1 |
_aGarcía Fernández, Horacio _951080 |
|
| 245 | 1 | 3 |
_aLa bomba y sus hombres / _cHoracio García Fernández. |
| 260 |
_aMéxico, D. F. : _bADN Editores, _c1997. |
||
| 300 |
_a151 p. : _bil. , maps ; _c21 cm. |
||
| 490 | 1 |
_aViaje al Centro de la Ciencia _v9. |
|
| 504 | _aBibliografías : p. 149-151 | ||
| 650 | 4 |
_aFísica nuclear _948024 |
|
| 650 | 4 |
_aQuímica nuclear _951081 |
|
| 650 | 4 |
_aFísica atómica _951082 |
|
| 650 | 4 |
_aEstructura nuclear _951083 |
|
| 650 | 4 |
_aReactores nucleares _951084 |
|
| 830 | 0 |
_aViaje al Centro de la Ciencia ; _n9 _951085 |
|
| 999 |
_c24381 _d24381 |
||